Toutes les Techniques de Shawn Froste (Fubuki Shirou) D'Inazuma Eleven - Statistiques

Statistiques générales
  • Ce quiz a été pris 105 fois
  • Le résultat moyen est 11 sur 16
Statistiques - réponses
Réponse Type de quiz Première Utilisation % Correct
Blizzard Éternel TIR S2
99%
Patinoire DEF S2
97%
Loup Légendaire TIR S2
96%
Ange des Neiges DEF S3
94%
Feu Glacé TIR S2
94%
L'Aurore TIR S3
83%
Ouragan TIR S3
83%
Bête du Tonnerre TIR S3
82%
Blizzard de la Vouivre TIR S2
81%
La Terre TIR S2
79%
Big Bang TIR S3
78%
Triple Blizzard TIR ARES
27%
Manchot Empereur N°2 TIR S3
19%
Front Froid TIR ARES
18%
Triangle de la Mort Ultime TIR FILM
15%
Gungnir de glace TIR ORION
8%
Aucun quiz correspondant
Distribution des résultats
% des personnes avec chaque résultat
Percentile par nombre de réponses
Votre historique - résultats
Vous n’avez pas pris ce quiz